Organická chémia pre 2. ročník stredných zdravotníckych škôl /

Hlavní autor: Čerňák, Jozef
Další autoři: Tölgyessy, Juraj, 1931-2014
Jazyk: Slovenština
Vydáno: Bratislava : Slovenské pedagogické nakladateľstvo, 1966
Vydání: 4. vyd.
Fyzický popis: 304 s.
Knihy
Uloženo v:
LEADER 00750nam a22002172a 4500
001 001408000
003 CZ BrMZK
005 20141021132725.0
007 ta
008 140730s1966 xo er|||||||||||slo d
040 |a BOA001  |b cze 
100 1 |a Čerňák, Jozef  |7 jn19981002663  |4 aut 
245 1 0 |a Organická chémia pre 2. ročník stredných zdravotníckych škôl /  |c Jozef Čerňák, Juraj Tölgyessy 
250 |a 4. vyd. 
260 |a Bratislava :  |b Slovenské pedagogické nakladateľstvo,  |c 1966 
300 |a 304 s. 
700 1 |a Tölgyessy, Juraj,  |d 1931-2014  |7 jn19990008588  |4 aut 
910 |a BOA001  |b 2-0417.743-66 
990 |a BK 
991 |b 201407 
996 7 |b 2619123782  |c 2-0417.743-66  |l MZK  |r Sklad / do 24 hodin  |n 0  |w 001443025  |u 000010  |a 1  |e BOA001  |j MZK50  |s A